| 000 | 00417cam a2200145ua 4500 | ||
|---|---|---|---|
| 041 |
_aeng _h |
||
| 082 |
_a338.642 _bSOU/GR |
||
| 100 | _aSounadarapandian, M . | ||
| 245 | 0 | 0 |
_aGreen productivity in small and medium enterprises, Vol.I / _cM.Soundarapandian. _hTextual Documents |
| 260 |
_aNew Delhi : _bConcept Publishing Company , _c2007. |
||
| 300 | _a336 ; . | ||
| 504 | _a | ||
| 942 | _cBK | ||
| 999 |
_c13141 _d13141 |
||